| 000 | 00529cam a2200169 4500500 | ||
|---|---|---|---|
| 005 | 20260405000433.0 | ||
| 041 | _afre | ||
| 042 | _adc | ||
| 100 | 1 | 0 |
_aGazalé, Olivia _eauthor |
| 245 | 0 | 0 | _a« Le vrai est ce qui est payant » : William James |
| 260 | _c2007. | ||
| 500 | _a93 | ||
| 690 | _aGratuité | ||
| 690 | _aVrai | ||
| 786 | 0 | _nPhilosophie magazine | 11 | 7 | 2007-07-01 | p. 24-24 | 1951-1787 | |
| 856 | 4 | 1 | _uhttps://shs.cairn.info/magazine-philosophie-magazine-2007-7-page-24?lang=fr&redirect-ssocas=7080 |
| 999 |
_c2037102 _d2037102 |
||